| 000 | 00686nam a22002057a 4500 | ||
|---|---|---|---|
| 999 |
_c11115 _d11115 |
||
| 003 | AR-CdUCM | ||
| 008 | 190402b ||||| |||| 00| 0 spa d | ||
| 040 |
_aMUNICIPALIDAD PROVINCIAL DEL CUSCO _cBIBLIOTECA MUNICIPAL DEL CUSCO |
||
| 082 |
_aES / 510 / _bD66 |
||
| 100 |
_aDías Mosto, Jorge _928289 |
||
| 245 |
_aAptitud académica n° 1 : _bLógico matemática y lenguaje / |
||
| 260 |
_aLima : _bLibros técnicos, |
||
| 300 |
_a270 paginas _c20 cm. |
||
| 440 |
_aSerie prepárese usted mismo. _928290 |
||
| 505 | _aContenido :Lógico matemático y lenguaje. | ||
| 650 |
_aCiencias aplicadas _920077 |
||
| 650 |
_aAptitud académica _928291 |
||
| 942 |
_2ddc _cLIBROS |
||
| 945 | _arum | ||